00701cam a2200193 4500001001100000008004100011035001500052050002100067100003600088245017400124260005300298300000900351440003100360650002700391650002300418700003400441942001300475999001900488BARQ000562 1992 a spa  aBARQ000562 4aNA5257b.P8 19921 aTerán Bonilla, José Antonio 0aManifestaciuones barrocas en la arquitectura religiosa producida por el pueblo,región Puebla-Tlaxcala /cJosé Antonio Terán Bonilla, Gobierno del Estado de Puebla. aMéxico :bGobierno del Estado de Puebla,c1992 ap.v. 0aLecturas históricas ; 80 4aArquitectura religiosa 4aIglesiasxMéxico1 aGobierno del Estado de Puebla 2lcccLlB c127532d127532